Le portrait de Dorian Gray - Statistiques

Statistiques générales
  • Ce quiz a été pris 1 144 fois
  • Le résultat moyen est 16 sur 20
Statistiques - réponses
Question Réponse % Correct
Qui est l’auteur du « Portrait de Dorian Gray? Oscar Wilde
96%
En échange de quoi Dorian donne-t-il son âme? La jeunesse et la beauté éternelle
95%
Comment le roman finit-il? Dorian meurt en détruisant son portrait
94%
Quelle est la particularité de ce tableau? Il vieillit à la place de son modèle
94%
Sybil Vane se suicide quand elle apprend que Dorian ne l´aime plus. Qui cherche à venger sa mort? Son frère
94%
Pourquoi James veut-il tuer Dorian? Il veut venger sa sœur que Dorian a abandonnée
93%
Qui est le personnage qui influence le plus Dorian? Lord Henry
93%
Quelle est l’occupation de Basil Hallward, l’auteur du portrait? Peintre
92%
Quel est le métier de Sibyl Vane, celle qui tombe amoureuse de Dorian? Actrice
91%
Qui est l’artiste qui a peint le portrait de Dorian? Basil Hallward
91%
Qui Dorian va-t-il tuer? Basil Hallward
88%
Comment Dorian tue-t-il Basil Hallward? Il lui donne un coup de couteau
87%
Comment se débarasse-t-il du corps? Il demande à un ami de le dissoudre dans de l’acide
86%
En quelle année est-il publié? 1890
85%
Pris de remords et ne supportant plus la vision d´horreur que lui procure son portrait, Dorian décide de s´en débarrasser. Il lui asséne un coup de couteau et ....? Il meurt
83%
Quel est le surnom donné à Dorian par Sibyl Vane? Prince Charmant
83%
À quoi ressemble Dorian à sa mort? À un vieillard en tenue de soirée
82%
Les années mais passent, comment évolue le corps de Dorian? Il reste identique
79%
À quelle philosophie Lord Henry va-t-il initier à Dorian? L’hédonisme
79%
Quel est le registre de ce roman? Fantastique
73%
Quel personnage se révèle profondément amoureux de Dorian? Basil Hallward
72%
Qui est la tante de Lord Henry? Lady Agatha
71%
Comment Sibyl meurt-elle? Elle s’empoisonne
70%
Qui tue James Vane? Sur Geoffrey Clouston
70%
À quel autre roman français ce roman ressemble-t-il? La Peau de chagrin
68%
Qui Dorian cherche-t-il à tuer Basil Hallward
60%
Pourquoi Basil n’expose pas le tableau en public? Dorian lui a demandé de ne pas le faire
53%
Quel personnage semble apparaître comme une représentation de l’auteur du roman? Lord Henry
40%
Aucun quiz correspondant
Distribution des résultats
% des personnes avec chaque résultat
Percentile par nombre de réponses
Votre historique - résultats
Vous n’avez pas pris ce quiz